Η νεύρωσις ως "Αδαμικόν πλέγμα" : συμβολή εις την Ποιμαντικήν Θεολογίαν ; διδακτορική διατριβή
Αποθηκεύτηκε σε:
| Κύριος συγγραφέας: | |
|---|---|
| Μορφή: | Βιβλίο |
| Γλώσσα: | Greek |
| Δημοσίευση: |
Θεσσαλονίκη :
Κυριακίδης,
1977.
|
| Θέματα: | |
| Ετικέτες: |
Προσθήκη ετικέτας
Δεν υπάρχουν, Καταχωρήστε ετικέτα πρώτοι!
|
MARC
| LEADER | 00000cam a2200000 i 4500 | ||
|---|---|---|---|
| 001 | 1/74600 | ||
| 008 | 961206s1977 gr | ||| |||| ||gre|| | ||
| 035 | |a 1996 |b 3 |c Δωρεά |l 10031868 | ||
| 040 | |a GR-MY-UA |b gre |e aacr | ||
| 041 | 0 | |a gre | |
| 082 | 7 | |a 253.52 |2 (22) | |
| 100 | 1 | |a Κορναράκης, Ιωάννης Κ. | |
| 245 | 1 | 2 | |a Η νεύρωσις ως "Αδαμικόν πλέγμα" : |b συμβολή εις την Ποιμαντικήν Θεολογίαν ; διδακτορική διατριβή / |c Ιωαν. Κων. Κορναράκη. |
| 260 | |a Θεσσαλονίκη : |b Κυριακίδης, |c 1977. | ||
| 300 | |a 118 σ. ; |c 24 εκ. | ||
| 500 | |a Αρχικά παρουσιάσθηκε ως διατριβή (διδακτορική) του συγγραφέα -- Αριστοτέλειο Πανεπιστήμιο Θεσσαλονίκης, Θεολογική Σχολή, 1966. | ||
| 500 | |a Διατριβή επί υφηγεσία, υποβληθείσα εις την Θεολογικήν Σχολήν του Αριστοτελείου Πανεπιστημίου Θεσσαλονίκης. | ||
| 504 | |a Περιλαμβάνει βιβλιογραφικές παραπομπές. | ||
| 650 | 0 | 0 | |a Pastoral psychology. |
| 650 | 0 | 0 | |a Psychology, Religious. |
| 852 | |a INST |b RHODES |e 19961206 |h 253.52 ΚΟΡ |p 005400006956 |q 005400006956 |t BK |y 0 | ||
| 909 | |a Ρ |b 042945 | ||
| 970 | |z 1996/12 | ||